00601nam a2200193Ia 4500003000900000008004100009020001800050040001600068080001900084245005200103260004600155300001500201650001900216650002100235700002400256942000700280999001500287952010500302IN-BaIIA211028s9999 xx 000 0 eng d a0-677-15030-X cIIA Library a535.215.2bSON 0aLaser and their applicationscedited by A. Sona aNew YorkbGordon and Breach Sciencec1976 axiv, 629p. a Lasers98231 aNASA Thesaurus  aSona, A., ed.98232 cBK c4647d4647 00104070aBANbBANcGENd0000-00-00l0o535.215.2/ SONp5182r2021-11-05w0000-00-00yBKG£ 36.70